|
|
|
|
| LEADER |
00979nam a2200253 a 4500 |
| 001 |
GR-Patra34480 |
| 008 |
131025s2011 nyu e b 001 b eng d |
| 020 |
|
|
|a 9781617289934
|
| 040 |
|
|
|a GrPaTEI
|b gre
|c GR-PaULI
|
| 040 |
|
|
|a GrPaTEI
|b gre
|c GR-PaULI
|
| 082 |
|
0 |
|a 370.72
|
| 245 |
0 |
0 |
|a Progress in education ; Robert V. Nata, editor
|n 22.
|
| 260 |
|
|
|a New York :
|b Nova,
|c c2011
|
| 300 |
|
|
|a xii,223 σ. :
|b εικ. ;
|c 24 εκ.
|
| 490 |
0 |
|
|a Progress in education
|
| 504 |
|
|
|a Περιλαμβάνει βιβλιογραφίες και ευρετήριο.
|
| 650 |
|
0 |
|a Education
|x Research
|
| 650 |
|
4 |
|a Εκπαίδευση
|x Έρευνα
|
| 700 |
0 |
|
|a Robert V.
|
| 710 |
0 |
|
|a Nova Science Publishers
|
| 942 |
|
|
|2 ddc
|
| 952 |
|
|
|0 0
|1 0
|2 ddc
|4 0
|6 370_720000000000000_PRO
|7 1
|9 316559
|a LISK
|b LISK
|c BSC
|d 2021-01-17
|e 24
|f 0
|g 0.00
|l 0
|o 370.72 PRO
|p 92410052242
|r 2021-01-17 00:00:00
|t 1
|w 2021-01-17
|y BKN
|x 20131025 0 0
|x GrPaTEI
|
| 971 |
|
|
|a .b26820523
|b 01-10-20
|c 27-09-16
|
| 999 |
|
|
|c 180248
|d 180248
|